01640nam a2200409 i 4500001000700000003000800007005001700015006001900032007001500051008004100066020001800107020002700125035002300152035002400175035002500199035002100224040003100245050002200276080001000298082001400308100003300322245019900355264006400554300004500618336003100663337003300694338004300727588012500770650002700895650002900922650004800951650005900999655002701058700004101085700004201126856006201168129142FlNmELB20241217180145.0m o d | cr cnu||||||||150313s2014 mx o 000 0 spa d z9786074381245 a9786074388572 (e-book) a(MiAaPQ)EBC3227358 a(Au-PeEL)EBL3227358 a(CaPaEBR)ebr11013295 a(OCoLC)991954455 aFINmELBbspaerdacFINmELB 4aHF1017bR696 2014 a519.20 a519.52231 aRodríguez Franco, Jesús.10aEstadística aplicada.nII,pestadística en administración para la toma de decisiones /cJesús Rodríguez Franco, Alberto Isaac Pierdant Rodríguez, Elva Cristina Rodríguez Jiménez. 1aMéxico D.F. :bLarousse - Grupo Editorial Patria,c[2014] a1 recurso en línea (ix, 370 páginas) atextobtxt2rdacontent/spa acomputadorabc2rdamedia/spa arecurso en líneabcr2rdacarrier/spa aDescripción basada en recurso en línea; Título de la página del título en PDF (e-libro, visto March 13, 2015). 0aCommercial statistics. 4aEstadística comercial. 0aIndustrial managementxStatistical methods. 4aAdministración industrialxMétodos estadísticos. 4aLibros electrónicos.1 aPierdant Rodríguez, Alberto Isaac.1 aRodríguez Jiménez, Elva Cristina.40uhttps://elibro.net/ereader/politecnicointernacional/39393